00794nam a22001937a 4500003000400000008004100004020001800045082002200063100002000085245010900105260003700214300001700251650008400268700002100352700002200373942001200395999001700407952017600424OSt260627b |||||||| |||| 00| 0 eng d a9780443158452 a519.5028563bN72H aNisbet, Robert  aHandbook of Statistical Analysis AI and ML Applications/by Robert Nisbet, Keith McCormick and Gary Miner aLondon :bAcademic Press, c2025 axxii, 472 p. aMathematics | Pure Sciences | Mathematical statistics | Quantitative techniques aMiner, Gary D.  aMcCormick, Keith  2ddccBK c52388d52388 00102ddc4070aRAUbRAUcGENd2026-06-27eToday & Tomorrow Printers and Publishers g10629.00l0o519.5028563 N72Hp87609r2026-06-27w2026-01-29yBKkBill No. IN-00449